01305 a2200157 4500003000500000005001700005020001500022040000900037082001400046100001400060245006100074260004300135300000900178505091400187650004601101Nust20221025161002.0 a817319162X cNust a621.3,GHO aS.N.Ghosh aElectromagnetic theory & wave propagation /cS. N. Ghosh aLondonbNarosa publishing house c1998 a258p aMaxwell’s Field Equation and Practical Demonstration of Electromagnetic Waves (Page-1), Propagations of E.M. Waves Through Insulator and Conductor (Page-19), E.M.Energy Flow and Boundary Condition (Page-25), Solution of Electromagnetic Wave Equation (Page-35), Units of Electromagnetic Quantities (Page-42), Waveguides , Fiber Optic and Optical Communication (Page-53), ground Wave Propagation (Page-81), Propagation of LF,VLF and ELF Wave (Page-93), Propagation Through Troposphere (Page-108), Ionosphere Work Up to World War ii and Rocket and Satellite – Borne Lonospheric Experiments (Page-120), Incoherent Scatter Radar and Ionosphere (page-144)Trapped Radiation in a Dipole Magnetic Field – Van Allen Radiation Belt (Page-169), Whistler Propagation (Page-188), MHD Waves and MHD Generators (Page-198), Satellite Communication (Page-207), Propagation of Microwaves and Millimeter Waves (Page-221).  aElectromagnetic theory & wave propagation